000
00288nam a22001097a 4500
082
_a
320/JOG
100
_a
Jog,B.N.
_9
81411
245
_a
Pandit Deendayal Upadhayaya Ideology and Perception
260
_a
New Delhi
_b
Suruchi Prakashan
_c
1991
650
_a
Political Science
942
_c
BK
999
_c
65411
_d
65411